[Event "CRO Team Cup 2018"]
[Site "Mali Losinj"]
[Date "2018.05.16"]
[Round "1.24"]
[White "Egerc, Josip"]
[Black "Sale, Srdjan"]
[Result "0-1"]
[WhiteElo "2066"]
[BlackElo "2430"]
[Annotator "TA"]
[PlyCount "102"]
[EventDate "2018.??.??"]
[EventType "team-tourn"]
[EventCountry "CRO"]
[SourceTitle "playchess.com"]
[Source "ChessBase"]
[SourceQuality "1"]

{[%evp 15,102,15,25,0,14,-16,-6,-26,-21,-93,-87,-89,-85,-93,-19,-224,-178,-185,-180,-172,-181,-196,-157,-167,-164,-170,-170,-172,-175,-211,-175,-303,-228,-272,-208,-400,-185,-173,-116,-123,-103,-134,-83,-85,-62,-59,-57,-62,0,0,-13,-18,-13,-43,-33,-72,-15,-43,-44,-50,-41,-81,-74,-74,-71,-89,-103,-108,-74,-325,-276,-332,-318,-368,-375,-377,-352,-313,-333,-298,-223,-199,-216,-379,-358,-2595,-1391,-1651,-1378]} 1. e4 c5 2. Nf3 e6 3. d4 cxd4 4. Nxd4 a6 5. Nc3 Qc7 6. Bd3 Nf6 7. Qe2 d6 8. Be3 Nc6 {LiveBook: 4 Games. B43: Sicilian: Kan Variation: 5 Nc3} (8... b5 9. f4 Bb7 10. a3 Nbd7 11. O-O Be7 12. Kh1 O-O 13. Rf3 g6 14. Raf1 Nc5 15. Bg1 e5 16. fxe5 dxe5 17. Nf5 gxf5 18. Rxf5 Nxd3 19. Qxd3 Ne8 {0-1 (34) Jakubowski,K (2525)-Gajewski,G (2622) Warsaw 2012}) 9. f3 Be7 10. Qf2 O-O $146 {The position is equal.} ({Predecessor:} 10... Ne5 11. O-O-O b5 12. Nb3 Rb8 13. g4 h6 14. h4 b4 15. Na4 Nfd7 {1-0 (33) Stefaniak,T (1778)-Klimaszewski,K (1638) Suchedniow 2012}) 11. O-O-O Ne5 12. Nb3 (12. Kb1 $11 {keeps the balance.}) 12... b5 $17 {[%cal Bb7b5,Bb5b4][%mdl 32]} ({But not} 12... Nxd3+ 13. Rxd3 b5 14. Bb6 $11) 13. Kb1 Rb8 14. g4 Nc4 (14... Nfd7 $17) 15. Bg5 $2 (15. g5 $11 {and White is okay.} Nd7 16. f4) 15... b4 16. Ne2 {[#]} Nxe4 $1 {[%mdl 512]} 17. Bxe4 Bxg5 18. f4 Bf6 19. Nbd4 Bb7 20. Bxb7 Qxb7 21. g5 Bxd4 22. Qxd4 Rfc8 23. Ng3 (23. h4 {was necessary.}) 23... e5 24. Qd3 exf4 25. Nh5 $2 {[#]} (25. Nf5 Na3+ 26. bxa3 bxa3+ 27. Kc1) 25... Qb5 (25... Na3+ $142 $1 {[%mdl 512]} 26. bxa3 bxa3+ 27. Kc1 f3) 26. Qd4 {[%csl Gh5][%cal Rd4g7] [#]} Qe5 ({Much less strong is} 26... Qxg5 27. Rhg1 $15) (26... f6 $1 $19 {Hoping for ...Ne3.} 27. Nxf4 Qxg5) 27. Nxf4 a5 28. Rhe1 Qxd4 (28... Qxg5 $142 29. Nd5 Kh8) 29. Rxd4 Kf8 30. Ree4 Ne5 31. Rxd6 Rd8 32. Rxd8+ Rxd8 $11 {[%cal Rd8d1][%mdl 4096] Endgame KRN-KRN} 33. a3 Nf3 {...Nd2+ is the strong threat.} 34. Ka2 (34. Ne6+ $5 fxe6 35. Rf4+ Ke7 36. Rxf3 $11) 34... bxa3 35. Kxa3 Rc8 (35... Rd1 $17 36. b3 Nxg5) 36. g6 fxg6 37. Nxg6+ Kf7 38. Nh4 Nxh2 39. c4 Kf6 40. b4 axb4+ 41. Kxb4 g5 42. Ng2 $2 {[%mdl 8192]} (42. c5 $17) 42... h5 $19 {[%cal Bh7h5,Bh5h4,Bh4h3,Bh3h2][%mdl 32]} 43. c5 Ng4 44. Kb5 Ne5 45. Ne3 Rb8+ 46. Ka6 h4 47. Rd4 Rh8 48. Rd6+ Kf7 49. Rd5 $2 (49. Kb7) 49... h3 {Threatens to win with ...h2.} 50. Rxe5 $2 (50. Nf1 Ke6 51. Rd6+ Ke7 52. Rd5) 50... h2 51. Rf5+ Ke6 {Precision: White = 29%, Black = 62%.} 0-1